书目信息 |
| 题名: |
工程制图
|
|
| 作者: | 鲁屏宇 , 田福润 主编 | |
| 分册: | ||
| 出版信息: | 武汉 华中科技大学出版社 2008.09 |
|
| 页数: | 337页 | |
| 开本: | 26cm | |
| 丛书名: | ||
| 单 册: | ||
| 中图分类: | TB23 | |
| 科图分类: | ||
| 主题词: | 工程制图--gong cheng zhi tu--高等学校--教材 | |
| 电子资源: | ||
| ISBN: | 978-7-5609-4522-4 | |
| 000 | 00961nam0 2200265 450 | |
| 001 | 012009038451 | |
| 005 | 20090429094452.20 | |
| 010 | @a978-7-5609-4522-4@dCNY36.00 | |
| 100 | @a20090429d2008 em y0chi0120 ea | |
| 101 | 0 | @achi |
| 102 | @aCN@b420000 | |
| 105 | @aak a 000yy | |
| 106 | @ar | |
| 200 | 1 | @a工程制图@Agong cheng zhi tu@f鲁屏宇, 田福润主编@Fzhu bian lu ping yu,tian fu run |
| 210 | @a武汉@c华中科技大学出版社@d2008.09 | |
| 215 | @a337页@c图@d26cm | |
| 300 | @a普通高等院校“十一五”规划教材 普通高等院校机械类精品教材 | |
| 320 | @a有书目 (第337页) | |
| 330 | @a全书共分画法几何、制图基础、机械图、其他专业图、计算机绘图五部分。其主要特点为:精简画法几何;加强组合体与视图表达;强化手工绘图和计算机绘图。 | |
| 606 | 0 | @a工程制图@Agong cheng zhi tu@x高等学校@j教材 |
| 690 | @aTB23@v4 | |
| 701 | 0 | @a鲁屏宇@Alu ping yu@4主编 |
| 701 | 0 | @a田福润@Atian fu run@4主编 |
| 801 | 0 | @aCN@bQSSK@c20090429 |
| 905 | @b739363-65@dTB23@eL818@f3 | |
| 工程制图/鲁屏宇, 田福润主编.-武汉:华中科技大学出版社,2008.09 |
| 337页:图;26cm |
| 普通高等院校“十一五”规划教材 普通高等院校机械类精品教材 |
| ISBN 978-7-5609-4522-4:CNY36.00 |
| 全书共分画法几何、制图基础、机械图、其他专业图、计算机绘图五部分。其主要特点为:精简画法几何;加强组合体与视图表达;强化手工绘图和计算机绘图。 |
| ● |
| 相关链接 |
|
|
|
正题名:工程制图
索取号:TB23/L818
 
预约/预借
| 序号 | 登录号 | 条形码 | 馆藏地/架位号 | 状态 | 备注 |
| 1 | 739363 | 207393630 | 自科库501/501自科库 6排1列4层/ [索取号:TB23/L818] | 在馆 | |
| 2 | 739364 | 207393649 | 自科库501/501自科库 6排1列4层/ [索取号:TB23/L818] | 在馆 | |
| 3 | 739365 | 207393658 | 自科二线400A/400A自科库 25排2列4层/ [索取号:TB23/L818] | 在馆 |